| 000 | 01491nam a2200373 i 4500 | ||
|---|---|---|---|
| 001 | 192126 | ||
| 003 | SpMaBN | ||
| 005 | 20250807002456.0 | ||
| 008 | 221104s2021 sp a | ||||o001 0 spa | ||
| 017 |
_aM 15572-2021 _bOficina Depósito Legal Madrid |
||
| 020 | _a9788492462704 | ||
| 024 | 7 |
_aNIPO 824-21-007-1 _2nipo |
|
| 035 | _a(OCoLC)1262499545 | ||
| 040 |
_aSpMaBN _bspa _cSpMaBN _erda |
||
| 080 | _a091 Dante Alighieri | ||
| 080 | _a091 Biblioteca Nacional de España | ||
| 080 | _a75.057 | ||
| 100 | 1 |
_aCurnis, Michele, _9175736 _eaut _d1975- |
|
| 245 | 1 | 0 |
_aDante Alighieri : _btradición manuscrita y figurativa de la Comedia / _ctexto, Michele Curnis. |
| 264 | 1 |
_a[Madrid] : _bBiblioteca Nacional de España, _c[2021] |
|
| 300 |
_a92 páginas : _bilustraciones (color) ; _c17 cm. |
||
| 490 | 1 |
_aTesoros de la Biblioteca Nacional de España ; _v02 |
|
| 500 | _aÍndices | ||
| 504 | _aBibliografía: página 86-87 | ||
| 600 | 0 | 4 |
_aDante Alighieri, _d1265-1321. _tLa divina commedia _9175737 |
| 650 | 4 |
_aManuscritos- _zBiblioteca Nacional de España. _9175739 |
|
| 710 | 2 |
_aBiblioteca Nacional de España _eedt _9234950 |
|
| 830 | 0 |
_aTesoros de la Biblioteca Nacional de España _v02 _9193551 |
|
| 852 | 4 |
_aES-MaACL _bR. 153401 _cDEPOJ _hDonación: Biblioteca Nacional de España _jN-8113 _9199408 |
|
| 914 |
_aBiblioteca Nacional de España _ednr _9234950 |
||
| 942 |
_cMONOGRAFIA _n0 |
||
| 999 |
_c192126 _d192126 |
||